Biện pháp quản lý hoạt động nghiên cứu khóa học của giảng viên trường đại học thể dục thể thao Đà Nẵng
Cơ sở lý luận. Thực trạng quản lý hoạt động nhiên cứu khoa học ở trường Đại học thể dục thể thao Đà Nẵng
Enregistré dans:
| Auteur principal: | |
|---|---|
| Autres auteurs: | |
| Format: | Livre |
| Langue: | Vietnamese |
| Publié: |
Đà Nẵng
Đại học Đà Nẵng
2010
|
| Sujets: | |
| Tags: |
Ajouter un tag
Pas de tags, Soyez le premier à ajouter un tag!
|
| Thư viện lưu trữ: | Mạng thư viện Đại học Đà Nẵng |
|---|
| LEADER | 01523nam a2200349 4500 | ||
|---|---|---|---|
| 001 | 000010861 | ||
| 003 | 7082 | ||
| 005 | 20111223081220.0 | ||
| 008 | 111222s2010 viesd | ||
| 041 | |a vie | ||
| 072 | |a Luận văn Thạc sỹ Giáo dục | ||
| 082 | |a 378.111 |b PH-A | ||
| 100 | |a Phạm Tuấn Anh | ||
| 245 | |a Biện pháp quản lý hoạt động nghiên cứu khóa học của giảng viên trường đại học thể dục thể thao Đà Nẵng |c Phạm Tuấn Anh | ||
| 260 | |a Đà Nẵng |b Đại học Đà Nẵng |c 2010 | ||
| 300 | |a 92tr. |c 29 cm | ||
| 500 | |a Luận văn Thạc sỹ Giáo dục. Chuyên ngành Quản lý giáo dục. Mã số: 60.14.05 | ||
| 520 | |a Cơ sở lý luận. Thực trạng quản lý hoạt động nhiên cứu khoa học ở trường Đại học thể dục thể thao Đà Nẵng | ||
| 653 | |a Quản lý giáo dục | ||
| 653 | |a Luận văn Thạc sỹ Giáo dục | ||
| 653 | |a Nghiên cứu khoa học | ||
| 700 | |a Nguyễn Thị Mỹ Lộc |c PGS.TS |e Hướng dẫn | ||
| OWN | |a LSP | ||
| AVA | |a UDN50 |b LSP |d 378.111 PH-A |e available |t Error 5001 Not defined in file expand_doc_bib_avail. |f 1 |g 0 |h N |i 0 |k 1 | ||
| 999 | |a From the UDN01 | ||
| AVA | |a UDN50 |b LSP |d 378.111 PH-A |e available |t Error 5001 Not defined in file expand_doc_bib_avail. |f 1 |g 0 |h N |i 0 |k 1 | ||
| TYP | |a Monograph | ||
| TYP | |a Printed language | ||
| 980 | |a Mạng thư viện Đại học Đà Nẵng | ||